| 000 | 00776nam a2200253 a 4500 | ||
|---|---|---|---|
| 001 | 000012586 | ||
| 003 | DO-SdBNP | ||
| 005 | 20170928134850.0 | ||
| 007 | 000012586 | ||
| 008 | 091113s1979 dr 000 f spa d | ||
| 040 |
_aBPMSU _bspa _cBPMSU |
||
| 082 |
_aRD863.44 _bM425p |
||
| 100 | 1 |
_aMateo, Andrés L., _d1946- |
|
| 245 | 1 | 0 |
_aPisar los dedos de Dios / _cAndrés L. Mateo ; prólogo Marcio Veloz Maggiolo. |
| 260 |
_aSanto Domingo : _bTaller, _c1979. |
||
| 300 |
_a115 p. ; _c20 cm. |
||
| 650 | 4 | _aNOVELA DOMINICANA | |
| 650 | 4 | _aLITERATURA DOMINICANA | |
| 700 | 1 |
_aVeloz Maggiolo, Marcio, _d1936- _epról. |
|
| 910 | _aValidado. Control de calidad BNPHU | ||
| 942 |
_2ddc _cBK |
||
| 945 | _a Inventariado / 2017 VM | ||
| 956 |
_aVMATEO _b10 _c20150723 _lBPMSU _h00151 |
||
| 999 |
_c8007 _d8007 |
||